[Event "Luxembourg-ch"]
[Site "Luxembourg"]
[Date "1999.04.10"]
[Round "8"]
[White "Muller, Guy"]
[Black "Rehlinger, Rouven"]
[Result "1-0"]
[WhiteElo "1696"]
[BlackElo "1386"]
[PlyCount "89"]
[EventDate "1999.04.03"]
[EventType "swiss"]
[EventRounds "9"]
[EventCountry "LUX"]
[SourceTitle "EXT 2005"]
[Source "ChessBase"]
[SourceDate "2004.11.15"]
[SourceVersion "1"]
[SourceVersionDate "2004.11.15"]
[SourceQuality "1"]

1. e4 e6 2. d4 d5 3. Nc3 Nf6 4. e5 Ne4 5. Bd3 Bb4 6. Nge2 Nxc3 7. bxc3 Be7 8. 0-0 0-0 9. Ng3 c5 10. Qh5 g6 11. Qh6 Re8 12. Nh5 Bf8 13. Nf6+ Qxf6 14. exf6 Bxh6 15. Bxh6 c4 16. Be2 Nd7 17. Bg7 Nf8 18. h4 h5 19. g4 e5 20. gxh5 exd4 21. Rfe1 Bf5 22. cxd4 Bxc2 23. h6 Bd3 24. Bxd3 cxd3 25. Bxf8 Rxf8 26. Rad1 Rfe8 27. Re5 Kh7 28. Rxd3 Rxe5 29. dxe5 Rd8 30. Kg2 Kxh6 31. Kg3 b5 32. Kg4 a5 33. f4 b4 34. f5 gxf5+ 35. Kxf5 d4 36. Ke4 Kh5 37. Rxd4 Re8 38. Kf5 Re6 39. Rd6 Rxd6 40. exd6 a4 41. d7 b3 42. axb3 axb3 43. d8Q b2 44. Qd1+ Kxh4 45. Qg4# 1-0